[Event "TOP16-LaBourdannais"]
[Site "TOP16-LaBourdannais"]
[Date "2021.01.09"]
[Round "2"]
[White "PositionalChess"]
[Black "Burrito2001"]
[Result "1/2-1/2"]
[WhiteElo "2213"]
[BlackElo "1849"]
[Annotator "NA RC"]
[PlyCount "75"]
[EventDate "2021.01.09"]
[EventType "blitz"]

1. e4 {[%emt 0:00:04]} c5 {[%emt 0:00:02]} 2. Nf3 {[%emt 0:00:02]} d6 {[%emt 0:00:01]} 3. Bb5+ {[%emt 0:00:01]} Nd7 {[%emt 0:00:02]} 4. c3 {[%emt 0:00:06]} Ngf6 {[%emt 0:00:03]} 5. Qe2 {[%emt 0:00:02]} a6 {[%emt 0:00:02]} 6. Ba4 {[%emt 0:00:00]} b5 {[%emt 0:00:04]} 7. Bc2 {[%emt 0:00:01]} Bb7 {[%emt 0:00:05]} 8. O-O {[%emt 0:00:08]} e5 {[%emt 0:00:06]} 9. Re1 {[%emt 0:00:15]} g6 {[%emt 0:00:09]} 10. d4 {[%emt 0:00:09]} Bg7 {[%emt 0:00:03]} 11. Nbd2 {[%emt 0:00:21]} O-O {[%emt 0:00:03]} 12. dxe5 {[%emt 0:00:47]} dxe5 {[%emt 0:00:12]} 13. Nf1 {[%emt 0:00:03]} Qc7 {[%emt 0:00:10]} 14. Bg5 {[%emt 0:00:16]} c4 {[%emt 0:00:13]} 15. Rad1 {[%emt 0:00:15]} Nc5 {[%emt 0:00:09]} 16. Bxf6 {[%emt 0:00:24]} Bxf6 {[%emt 0:00:03]} 17. Ne3 {[%emt 0:00:28]} Rad8 {[%emt 0:01:07]} 18. Nd5 {[%emt 0:00:09]} Bxd5 {[%emt 0:00:03]} 19. Rxd5 {[%emt 0:00:01]} Rxd5 {[%emt 0:00:14]} 20. exd5 {[%emt 0:00:02]} Qd6 {[%emt 0:00:12]} 21. Rd1 {[%emt 0:00:15]} Bg7 {[%emt 0:00:07]} 22. Ng5 {[%emt 0:00:15]} Bh6 {[%emt 0:01:20]} 23. Ne4 {[%emt 0:00:14]} Nxe4 {[%emt 0:00:04]} 24. Qxe4 {[%emt 0:00:06]} f5 {[%emt 0:00:01]} 25. Qe2 {[%emt 0:00:13]} Bg7 {[%emt 0:00:10]} 26. a4 {[%emt 0:00:04]} Rd8 {[%emt 0:00:07]} 27. axb5 {[%emt 0:00:02]} axb5 {[%emt 0:00:00]} 28. b3 {[%emt 0:00:03] PositionalChess offers a draw} Qc5 {[%emt 0:00:15]} 29. bxc4 {[%emt 0:00:08]} bxc4 {[%emt 0:00:00]} 30. d6 {[%emt 0:00:20]} Rxd6 {[%emt 0:00:14]} 31. Rxd6 {[%emt 0:00:03]} Qxd6 {[%emt 0:00:00]} 32. Qxc4+ {[%emt 0:00:01]} Kf8 {[%emt 0:00:06]} 33. Bb3 {[%emt 0:00:04]} Qf6 {[%emt 0:00:12]} 34. Qc8+ {[%emt 0:00:15]} Ke7 {[%emt 0:00:01]} 35. Qc7+ {[%emt 0:00:03]} Kf8 {[%emt 0:00:01]} 36. Qc8+ {[%emt 0:00:19]} Ke7 {[%emt 0:00:02]} 37. Qc7+ {[%emt 0:00:10]} Kf8 {[%emt 0:00:01]} 38. Qc8+ {[%emt 0:00:15] Threefold Rep} 1/2-1/2

[Event "TOP16-LaBourdannais"]
[Site "TOP16-LaBourdannais"]
[Date "2021.01.09"]
[Round "2"]
[White "Soumcouy"]
[Black "SFeller"]
[Result "0-1"]
[WhiteElo "2104"]
[BlackElo "1620"]
[Annotator "TA"]
[PlyCount "70"]
[EventDate "2021.01.09"]
[EventType "blitz"]

{[%evp 17,70,50,43,31,37,49,47,32,40,21,50,24,25,0,0,0,0,7,0,0,0,-62,24,29,30,8,10,18,7,-14,169,43,53,58,57,0,0,-12,0,-193,-179,-199,-111,-510,-475,-1124,-1109,-1064,-1037,-1164,-1110,-1188,-1205,-1174,-1164]} 1. d4 Nf6 2. Nf3 g6 3. Nc3 d5 4. Bf4 Bg7 5. e3 O-O 6. Be2 Bg4 7. Ne5 Bxe2 8. Qxe2 c6 9. h4 Nbd7 10. g4 {D00: 1 d4 d5: Unusual lines.} Nxe5 11. Bxe5 Ne4 {[#]} 12. Nxe4 $146 {White is slightly better.} ({Predecessor:} 12. Bxg7 Kxg7 13. Nxe4 dxe4 14. O-O-O h6 15. c4 b5 16. Kb1 Qd7 17. Rhg1 Rab8 18. d5 {½-½ (69) Lubbe,M (2301)-Chelushkina,I (2271) Reykjavik 2015}) 12... Bxe5 13. Nc5 Bg7 14. O-O-O e5 15. dxe5 Qa5 16. Nb3 Qxa2 17. f4 a5 18. Kd2 Qa4 19. Qd3 (19. Nd4 $11) 19... Rfd8 (19... f6 $15 20. e6 Qb4+ 21. Qc3 Qxc3+ 22. bxc3 a4) 20. h5 $11 Qb4+ 21. Ke2 a4 22. Nd4 c5 (22... Qxb2 $6 23. Rb1 $18) 23. Nf3 d4 $2 (23... a3 $1 $11) 24. exd4 (24. hxg6 $18 hxg6 25. exd4) 24... cxd4 $14 25. hxg6 (25. Nxd4 Qxb2 26. Qb5 a3 $15) 25... hxg6 {Hoping for ...Rac8.} 26. e6 (26. Nxd4 Qxb2 27. Rd2 a3 $17) ({Better is} 26. f5 $14) 26... Re8 $11 27. f5 a3 28. b3 (28. Kf2 $11 {and White is okay.} Kf8 29. fxg6 Rxe6 30. gxf7) 28... Rac8 $19 {Threatens to win with ...Rc3.} ({Not} 28... fxe6 $2 29. f6 $18) 29. Kf2 {Black must now prevent exf7+.} Rc3 (29... Re7 $19 30. Kf1 (30. fxg6 $2 fxe6 31. Qe4 Qc5 $19) 30... Qd6) 30. exf7+ $2 {[%mdl 8192]} (30. Qe4 $17 Qe7 31. Nxd4) 30... Kxf7 {Black is clearly winning.} 31. fxg6+ (31. Qd2 $142 Kg8 32. Rhe1 Rxe1 33. Nxe1) 31... Kg8 32. Qf5 {[#]} Rxf3+ $1 {[%mdl 512]} 33. Qxf3 (33. Kxf3 Rf8) 33... Rf8 34. Rh3 Rxf3+ 35. Rxf3 Qb6 {Weighted Error Value: White=0.86/Black=0.20} 0-1

[Event "TOP16-LaBourdannais"]
[Site "TOP16-LaBourdannais"]
[Date "2021.01.09"]
[Round "2"]
[White "MeMouss"]
[Black "Risso"]
[Result "1-0"]
[WhiteElo "2003"]
[BlackElo "2032"]
[Annotator "TA"]
[PlyCount "105"]
[EventDate "2021.01.09"]
[EventType "blitz"]
[WhiteTeam "Vandoeuvre"]

{[%evp 15,105,38,28,2,52,4,12,-25,-33,-39,-29,-40,-33,-33,-20,-29,0,-45,-17,-45,-33,-86,5,10,91,98,82,-6,0,-55,-47,-83,-92,-466,-458,-452,-347,-359,-354,-319,-298,-289,-290,-280,-277,-296,-255,-264,-252,-348,-362,-337,-352,-330,-348,-371,-299,-382,-375,-377,-372,-369,-365,-404,-408,-422,39,40,74,35,277,277,2054,1399,3039,3039,1632,1487,29952,29952,29962,29962,29961,29964,29965,29966,29966,29967,29963,29947,4664,4618]} 1. e4 c5 2. Nf3 d6 3. d4 cxd4 4. Nxd4 Nf6 5. Nc3 Nc6 6. Bg5 e6 7. Qd2 a6 8. O-O-O Bd7 9. Qe1 {B67: Sicilian: Richter-Rauzer: 7...a6 8 0-0-0 Bd7, lines without 9 f4 Be7.} Qc7 10. f4 Be7 11. e5 {The position is equal.} (11. Nxc6 {is interesting.} Bxc6 12. Bd3 h6 13. Bxf6 Bxf6 14. Nd5) 11... dxe5 12. Nxc6 Bxc6 13. fxe5 Nd5 14. Bxe7 {[#]} Qxe7 $146 ({Predecessor:} 14... Nxe7 15. Bd3 Bxg2 16. Rg1 Bf3 17. Rd2 O-O-O 18. Rf2 Bh5 19. Rxg7 Nc6 20. Rg5 Bg6 21. Bxg6 hxg6 {0-1 (28) Bulmaga,I (2307)-Ivanov,A (2424) Plovdiv 2012}) 15. Ne4 O-O 16. Kb1 Rfd8 17. Nd6 f6 18. c4 (18. Nc4 $15) 18... Nf4 (18... fxe5 $17 19. c5 b6 20. Qxe5 bxc5) 19. c5 $11 Ng6 (19... b6 $11 {keeps the balance.}) 20. exf6 $16 gxf6 21. h4 ({White should play} 21. Bc4 $16) 21... b6 $11 22. h5 ({Better is} 22. Rc1 $1 $11) 22... Ne5 $15 23. Qg3+ Kh8 24. Qc3 {[%mdl 8192] [#]} (24. Rc1 $17 {is a better chance.}) 24... bxc5 $19 25. Qxc5 Bd5 26. Rxd5 exd5 27. Ne4 Qxc5 28. Nxc5 a5 29. a4 d4 {Hoping for ...d3.} 30. Bb5 Rg8 31. Rd1 Rg4 32. Nb3 d3 ({Much less strong is} 32... Rxg2 33. Rxd4 Rh2 34. Rf4) 33. Bxd3 Nxd3 34. Rxd3 Rxa4 {[%mdl 4096] Endgame KRR-KRN} ({Don't play} 34... Rxg2 35. h6 $19) 35. Nc5 Rb4 36. Rd2 a4 37. Ka2 Rh4 38. Rf2 Rxh5 39. Nd7 Rb5 40. Rxf6 Rab8 $2 41. Nxb8 $14 Rxb8 {[#] KR-KR} 42. Rf4 $1 Rg8 $2 (42... Kg7 $14) 43. g4 $18 ({Worse is} 43. Rxa4 Rxg2 44. Rh4 Kg7 $11) 43... Rg5 $2 (43... Ra8 44. Ka3 Kg7 45. Rxa4 Rb8) 44. Rxa4 Kg7 45. Re4 Kf6 46. b4 h5 47. gxh5 Rxh5 48. Kb3 Kf5 49. Re8 Kf6 50. Ka4 Kf7 51. Re3 Rh1 52. Ka5 Rb1 53. b5 {Weighted Error Value: White=0.37/Black=0.59} 1-0

[Event "TOP16-LaBourdannais"]
[Site "TOP16-LaBourdannais"]
[Date "2021.01.09"]
[Round "2"]
[White "Babota"]
[Black "amiralfio"]
[Result "0-1"]
[WhiteElo "1620"]
[BlackElo "1770"]
[Annotator "NA RC"]
[PlyCount "64"]
[EventDate "2021.01.09"]
[EventType "blitz"]

1. e4 {[%emt 0:00:03]} e5 {[%emt 0:00:04]} 2. Nf3 {[%emt 0:00:02]} Nc6 {[%emt 0:00:01]} 3. Bc4 {[%emt 0:00:02]} Nf6 {[%emt 0:00:01]} 4. d3 {[%emt 0:00:01]} Be7 {[%emt 0:00:02]} 5. O-O {[%emt 0:00:01]} O-O {[%emt 0:00:01]} 6. Re1 {[%emt 0:00:02]} d6 {[%emt 0:00:01]} 7. a4 {[%emt 0:00:01]} Kh8 {[%emt 0:00:01]} 8. a5 {[%emt 0:00:03]} a6 {[%emt 0:00:01]} 9. h3 {[%emt 0:00:03]} Ng8 {[%emt 0:00:01]} 10. Nc3 {[%emt 0:00:07]} f5 {[%emt 0:00:03]} 11. Nd5 {[%emt 0:00:03]} fxe4 {[%emt 0:00:33]} 12. dxe4 {[%emt 0:00:12]} Nf6 {[%emt 0:00:01]} 13. Ng5 {[%emt 0:00:26]} Nxd5 {[%emt 0:00:01]} 14. Nxh7 {[%emt 0:00:04]} Rf4 {[%emt 0:00:01]} 15. Bxf4 {[%emt 0:01:05]} Nxf4 {[%emt 0:00:06]} 16. g3 {[%emt 0:00:01]} Be6 {[%emt 0:01:34]} 17. Bf1 {[%emt 0:00:42]} Kxh7 {[%emt 0:00:28]} 18. gxf4 {[%emt 0:00:02]} exf4 {[%emt 0:00:01]} 19. e5 {[%emt 0:00:27] amiralfio reconnected.} Nxe5 {[%emt 0:00:12]} 20. Qh5+ {[%emt 0:00:25]} Kg8 {[%emt 0:00:02]} 21. Bd3 {[%emt 0:00:02]} Bf6 {[%emt 0:01:13]} 22. Ra4 {[%emt 0:00:12]} Nxd3 {[%emt 0:00:40]} 23. cxd3 {[%emt 0:00:19]} Qe8 {[%emt 0:00:31]} 24. Qf3 {[%emt 0:00:10]} Qxa4 {[%emt 0:00:02]} 25. Rxe6 {[%emt 0:00:03]} Qc6 {[%emt 0:00:22]} 26. Qxf4 {[%emt 0:00:05]} Re8 {[%emt 0:00:02]} 27. Rxe8+ {[%emt 0:00:08]} Qxe8 {[%emt 0:00:00]} 28. Qc4+ {[%emt 0:00:01]} Qf7 {[%emt 0:00:01]} 29. Qe4 {[%emt 0:00:01]} c6 {[%emt 0:00:03]} 30. b4 {[%emt 0:00:02]} d5 {[%emt 0:00:01]} 31. Qf5 {[%emt 0:00:02]} Bd4 {[%emt 0:00:03]} 32. Qc8+ {[%emt 0:00:04]} Kh7 {[%emt 0:00:01] Babota resigns} 0-1

[Event "TOP16-LaBourdannais"]
[Site "TOP16-LaBourdannais"]
[Date "2021.01.09"]
[Round "2"]
[White "Brunico2016"]
[Black "Pierre35"]
[Result "1/2-1/2"]
[WhiteElo "1620"]
[BlackElo "1914"]
[Annotator "NA RC"]
[PlyCount "135"]
[EventDate "2021.01.09"]
[EventType "blitz"]

1. d4 {[%emt 0:00:02]} d5 {[%emt 0:00:04]} 2. c4 {[%emt 0:00:01]} e6 {[%emt 0:00:03]} 3. Nf3 {[%emt 0:00:01]} Nf6 {[%emt 0:00:02]} 4. Nc3 {[%emt 0:00:01]} Be7 {[%emt 0:00:01]} 5. Bf4 {[%emt 0:00:05]} O-O {[%emt 0:00:02]} 6. e3 {[%emt 0:00:01]} Nbd7 {[%emt 0:00:02]} 7. c5 {[%emt 0:00:03]} Ne4 {[%emt 0:00:02]} 8. Nxe4 {[%emt 0:00:22]} dxe4 {[%emt 0:00:02]} 9. Ne5 {[%emt 0:00:01]} Nf6 {[%emt 0:00:27]} 10. Be2 {[%emt 0:00:10]} Nd5 {[%emt 0:00:06]} 11. Bg3 {[%emt 0:00:01]} f6 {[%emt 0:00:06]} 12. Nc4 {[%emt 0:00:01]} b6 {[%emt 0:00:12]} 13. cxb6 {[%emt 0:00:28]} axb6 {[%emt 0:00:13]} 14. O-O {[%emt 0:00:03]} Bb7 {[%emt 0:00:26]} 15. Qb1 {[%emt 0:00:30]} f5 {[%emt 0:00:24]} 16. Rc1 {[%emt 0:00:23]} f4 {[%emt 0:00:49]} 17. exf4 {[%emt 0:00:03]} Nxf4 {[%emt 0:00:01]} 18. Bxf4 {[%emt 0:00:16]} Rxf4 {[%emt 0:00:00]} 19. Rd1 {[%emt 0:00:08]} Bd6 {[%emt 0:00:34]} 20. g3 {[%emt 0:00:28]} Rf8 {[%emt 0:00:08]} 21. Ne3 {[%emt 0:00:02]} Qf6 {[%emt 0:00:08]} 22. Ng4 {[%emt 0:00:09]} Qf7 {[%emt 0:00:06]} 23. Rf1 {[%emt 0:00:11]} h5 {[%emt 0:00:17]} 24. Ne3 {[%emt 0:00:10]} h4 {[%emt 0:00:01]} 25. Qd1 {[%emt 0:00:34]} Qg6 {[%emt 0:00:03]} 26. Bh5 {[%emt 0:00:05]} Qg5 {[%emt 0:00:03]} 27. Qg4 {[%emt 0:00:04]} Qxg4 {[%emt 0:00:11]} 28. Bxg4 {[%emt 0:00:01]} Rf6 {[%emt 0:00:07]} 29. a3 {[%emt 0:00:05]} Ra4 {[%emt 0:00:27]} 30. Rfd1 {[%emt 0:00:21]} hxg3 {[%emt 0:00:03]} 31. hxg3 {[%emt 0:00:01]} Kf7 {[%emt 0:00:05]} 32. Rac1 {[%emt 0:00:04]} Ke7 {[%emt 0:00:03]} 33. Rc4 {[%emt 0:00:26]} Rxc4 {[%emt 0:00:03]} 34. Nxc4 {[%emt 0:00:01]} Ba6 {[%emt 0:00:19]} 35. Ne3 {[%emt 0:00:13]} Bd3 {[%emt 0:00:27]} 36. d5 {[%emt 0:00:07]} e5 {[%emt 0:00:16]} 37. b4 {[%emt 0:00:15]} Rf8 {[%emt 0:00:01]} 38. Rc1 {[%emt 0:00:13]} g6 {[%emt 0:00:06]} 39. Bh3 {[%emt 0:00:17]} Ra8 {[%emt 0:00:04]} 40. Rc3 {[%emt 0:00:01]} Kd8 {[%emt 0:00:03]} 41. Bg2 {[%emt 0:00:02]} Be7 {[%emt 0:00:04]} 42. Ng4 {[%emt 0:00:06]} Bd6 {[%emt 0:00:17]} 43. Nf6 {[%emt 0:00:01]} Ke7 {[%emt 0:00:06]} 44. Nxe4 {[%emt 0:00:01]} Bxe4 {[%emt 0:00:00]} 45. Bxe4 {[%emt 0:00:01]} Kf6 {[%emt 0:00:01]} 46. Kg2 {[%emt 0:00:01]} g5 {[%emt 0:00:03]} 47. Rf3+ {[%emt 0:00:03]} Ke7 {[%emt 0:00:03]} 48. g4 {[%emt 0:00:10]} Rf8 {[%emt 0:00:01]} 49. Rh3 {[%emt 0:00:03]} Rg8 {[%emt 0:00:04]} 50. Rh7+ {[%emt 0:00:02]} Kf6 {[%emt 0:00:01]} 51. Bf5 {[%emt 0:00:02]} Rg7 {[%emt 0:00:01]} 52. Rh8 {[%emt 0:00:03]} e4 {[%emt 0:00:01]} 53. Bxe4 {[%emt 0:00:04]} Ke5 {[%emt 0:00:01]} 54. f3 {[%emt 0:00:03]} Kd4 {[%emt 0:00:01]} 55. Rh1 {[%emt 0:00:11]} Kc4 {[%emt 0:00:03]} 56. Rd1 {[%emt 0:00:02]} Rg8 {[%emt 0:00:07]} 57. Rc1+ {[%emt 0:00:18]} Kb3 {[%emt 0:00:03]} 58. b5 {[%emt 0:00:01]} Kxa3 {[%emt 0:00:03]} 59. Rb1 {[%emt 0:00:04]} Rh8 {[%emt 0:00:02]} 60. Rh1 {[%emt 0:00:01]} Rxh1 {[%emt 0:00:02]} 61. Kxh1 {[%emt 0:00:01]} Bf4 {[%emt 0:00:01]} 62. Bf5 {[%emt 0:00:02]} Kb4 {[%emt 0:00:01]} 63. Bd7 {[%emt 0:00:01]} Kc5 {[%emt 0:00:01]} 64. Bc6 {[%emt 0:00:01]} Bd6 {[%emt 0:00:01]} 65. Kg2 {[%emt 0:00:01]} Bf4 {[%emt 0:00:01]} 66. Kh1 {[%emt 0:00:01]} Bd6 {[%emt 0:00:01]} 67. Kg2 {[%emt 0:00:01]} Bf4 {[%emt 0:00:01]} 68. Kh1 {[%emt 0:00:01] (Lag: Av=0.36s, max=0.7s) Threefold Rep} 1/2-1/2

[Event "TOP16-LaBourdannais"]
[Site "TOP16-LaBourdannais"]
[Date "2021.01.09"]
[Round "2"]
[White "Lyon-YOUNES"]
[Black "Yvesandre2"]
[Result "1-0"]
[WhiteElo "1620"]
[BlackElo "2364"]
[Annotator "TA"]
[PlyCount "77"]
[EventDate "2021.01.09"]
[EventType "blitz"]

{[%evp 16,77,35,27,27,15,30,1,33,12,60,28,83,-28,-24,-47,-12,-12,0,0,118,141,938,933,936,938,926,926,926,922,874,893,928,920,882,853,819,0,757,772,762,758,762,763,1215,1029,931,920,931,922,909,859,1175,1060,1035,1019,1366,1362,1348,1283,5057,4134,4133,4133]} 1. Nf3 c5 2. c4 Nf6 3. Nc3 d5 4. cxd5 Nxd5 5. e4 Nb4 6. Bc4 Nd3+ 7. Ke2 Nf4+ 8. Kf1 Ne6 9. b4 g6 {A34: Symmetrical English: 2 Nc3, lines with ...d5.} 10. bxc5 {d4 is the strong threat.} Bg7 {White must now prevent ...Bxc3.} 11. Bb2 Nc6 {The position is equal. has lost popularity (11...0-0).} 12. h4 h6 {[#]} 13. Rb1 $146 ({Predecessor:} 13. Qb1 O-O 14. Ne2 Ned4 15. Nfxd4 Nxd4 16. Qd3 Nxe2 17. Bxg7 Qxd3 18. Bxd3 Ng3+ 19. fxg3 Kxg7 {1-0 (33) Driessens,P (2302)-Sadkowsky,D (2333) Belgium 2007}) 13... Nxc5 (13... O-O $11 {remains equal.}) 14. d3 (14. d4 $16 Nxd4 15. Nd5) 14... O-O $1 $11 15. Nd5 Bxb2 16. Rxb2 Bg4 17. Qd2 $36 {[%mdl 2048] Black is under pressure.} Bxf3 (17... Kh7 $11 {keeps the balance.}) 18. Qxh6 $16 {White wants to mate with Nf6+! White now steadily converts the win.} e6 $2 {[%mdl 8192] [#]} (18... Bxe4 $16 19. h5 (19. dxe4 Nxe4 20. Ne3 e6 $11) 19... g5) 19. h5 $1 $18 {[%cal Rh5g6]} Bxh5 20. Rxh5 gxh5 21. Nf6+ Qxf6 22. Qxf6 b6 23. Qg5+ {[%mdl 64] Double Attack} Kh7 24. Qxh5+ Kg7 25. Qg5+ Kh7 26. Qh5+ Kg7 $1 27. d4 {[%mdl 64] Deflection, Decoy. White is clearly winning.} Nxd4 28. Qe5+ {[%mdl 64] Double Attack} f6 29. Qxd4 Rfe8 30. Qe3 Rad8 31. Rd2 Kf7 32. Rxd8 Rxd8 33. f3 Nd7 34. Qd2 Ke7 35. Qh6 Ne5 36. Qg7+ Nf7 37. Bb3 b5 38. f4 Rd4 39. f5 {Weighted Error Value: White=0.44/Black=0.37} 1-0

[Event "TOP16-LaBourdannais"]
[Site "TOP16-LaBourdannais"]
[Date "2021.01.09"]
[Round "2"]
[White "maten3coups"]
[Black "ProfTerrieux"]
[Result "1-0"]
[WhiteElo "1620"]
[BlackElo "2501"]
[Annotator "TA"]
[PlyCount "125"]
[EventDate "2021.01.09"]
[EventType "blitz"]

{[%evp 17,125,-4,1,-12,8,0,24,23,20,30,37,25,113,75,85,25,30,8,15,0,4,0,0,0,14,11,11,-52,-41,-45,0,-162,-37,-39,-32,-37,0,-2,0,0,0,-1,-1,-19,24,13,13,-20,-20,-12,0,0,113,113,199,175,670,61,223,236,223,189,231,220,194,125,426,425,425,416,477,412,411,286,249,151,189,183,214,182,180,168,168,166,212,175,187,206,383,383,756,742,1089,1072,1269,1189,2152,2156,4598,3793,1962,818,1133,1079,29977,29976,29976,29977,29974,29975]} 1. e4 c5 2. Nf3 e6 3. d3 d5 4. Qe2 Ne7 5. g3 Nbc6 6. Bg2 g6 7. O-O Bg7 8. c3 O-O 9. e5 h6 10. h4 {A08: King's Indian Attack.} b6 11. Bf4 a5 12. a4 {White has an edge.} Ba6 13. Na3 Na7 {[#]} 14. Rfd1 $146 ({Predecessor:} 14. Qd2 Kh7 15. Nh2 Nf5 16. Ng4 Rc8 17. Nc2 Nc6 18. Rfe1 Nce7 19. Re2 Ng8 20. Ne1 {½-½ (33) Grobelsek,A (2122)-Medic,M (2256) Rijeka 2004}) 14... b5 (14... Nf5 $11) 15. axb5 Nxb5 16. Nxb5 (16. Nc2 $16) 16... Bxb5 $11 17. Qe3 Qb6 18. g4 ({Not} 18. Bxh6 $2 Nf5 $19) 18... Kh7 19. b4 axb4 20. cxb4 Rxa1 21. Rxa1 Rc8 22. Rc1 (22. Bf1 $11) 22... d4 $15 23. Qd2 Nd5 24. Bg3 $2 (24. Nxd4 $11 {and White has nothing to worry.} Nxb4 25. Nxb5 Qxb5 26. Bf1) 24... Nc3 ({Black should play} 24... Nxb4 $19 25. Ne1 Qa6) 25. bxc5 Qxc5 {...Ne2+! is the strong threat.} 26. Kh2 Bc6 {next ...Bxf3 is good for Black.} (26... Qa7 {is interesting.} 27. Ne1 Bf8 28. Nc2 Ba4 29. Ra1 Qd7) 27. Qf4 {[%mdl 64] Double Attack} Bxf3 28. Qxf3 Rc7 29. Re1 Ra7 30. h5 Qb5 31. hxg6+ fxg6 32. g5 h5 $1 33. Bh3 Re7 34. Ra1 Qd7 (34... Na4 $11) 35. Ra6 $16 Nd5 {[#]} (35... Qd5 $16 36. Qxd5 Nxd5) 36. Rd6 $1 $18 {[%cal Rd6d7]} Qb5 (36... Qe8) 37. Qe4 $2 ({Only move:} 37. Bxe6 $18 Nf4 38. Bc4) 37... Nc7 (37... Nc3 $14 38. Qxd4 Ne2) 38. Qxd4 Qe8 39. Qe4 Qf7 40. d4 Bf8 41. Rd8 (41. Qc6 $18) 41... Bg7 $2 {[%mdl 8192]} (41... Re8 $16 {is tougher.} 42. Rxe8 Nxe8) 42. Qf4 Qxf4 43. Bxf4 Nd5 44. Bg3 Nc7 45. Bg2 Rf7 46. Rd6 Bf8 47. Rc6 Bb4 48. Bh3 Re7 49. Kg2 Bd2 50. f4 Be3 51. Rc4 Nd5 52. Kf3 Bg1 $2 (52... Bd2 {is a better defense.} 53. Rc6 Rc7 54. Rxc7+ (54. Rxe6 Rc3+ 55. Ke4 Rxg3 $11) (54. Bxe6 Rxc6 55. Bxd5 Rc3+ 56. Ke2 Bc1 $11) 54... Nxc7) 53. Ke4 h4 $2 (53... Rc7 54. Rxc7+ (54. Bxe6 Rxc4 55. Kxd5 Rxd4+ 56. Kc6 Rd3 $17) 54... Nxc7) 54. Bxh4 Bh2 {[#]} 55. Bxe6 $1 {[%mdl 512]} Nxf4 (55... Rxe6 56. Kxd5) 56. Bg4 Kg7 57. Rc2 Bg1 58. Kxf4 Bxd4 59. Re2 Rc7 60. e6 {Black must now prevent e7.} Rc4 61. Kg3 {White mates.} Bc5 62. e7 Rc3+ 63. Bf3 {Weighted Error Value: White=0.36/Black=0.77} 1-0

[Event "TOP16-LaBourdannais"]
[Site "TOP16-LaBourdannais"]
[Date "2021.01.09"]
[Round "3"]
[White "ProfTerrieux"]
[Black "Brunico2016"]
[Result "0-1"]
[WhiteElo "2467"]
[BlackElo "1620"]
[Annotator "NA RC"]
[PlyCount "80"]
[EventDate "2021.01.09"]
[EventType "blitz"]

1. d4 {[%emt 0:00:02]} Nf6 {[%emt 0:00:01]} 2. Nc3 {[%emt 0:00:01]} d5 {[%emt 0:00:01]} 3. Bf4 {[%emt 0:00:01]} c5 {[%emt 0:00:02]} 4. e3 {[%emt 0:00:01]} cxd4 {[%emt 0:00:01]} 5. exd4 {[%emt 0:00:00]} a6 {[%emt 0:00:01]} 6. Nf3 {[%emt 0:00:01]} Nc6 {[%emt 0:00:01]} 7. Ne5 {[%emt 0:00:02]} Bd7 {[%emt 0:00:02]} 8. Nxc6 {[%emt 0:00:12]} Bxc6 {[%emt 0:00:01]} 9. Be2 {[%emt 0:00:16]} e6 {[%emt 0:00:01]} 10. O-O {[%emt 0:00:02]} Be7 {[%emt 0:00:02]} 11. a4 {[%emt 0:00:52]} O-O {[%emt 0:00:06]} 12. Bd3 {[%emt 0:00:04]} Ne4 {[%emt 0:00:33]} 13. Nxe4 {[%emt 0:00:14]} dxe4 {[%emt 0:00:01]} 14. Be2 {[%emt 0:00:01]} Qb6 {[%emt 0:00:28]} 15. Qd2 {[%emt 0:00:13]} Rad8 {[%emt 0:00:25]} 16. c3 {[%emt 0:00:47]} a5 {[%emt 0:00:26]} 17. Bc4 {[%emt 0:00:32]} Bd5 {[%emt 0:00:10]} 18. Bb5 {[%emt 0:00:02]} f5 {[%emt 0:00:53]} 19. Rfe1 {[%emt 0:00:40]} Bf6 {[%emt 0:00:03]} 20. Bg5 {[%emt 0:00:08]} Bxg5 {[%emt 0:00:12]} 21. Qxg5 {[%emt 0:00:01]} Rf6 {[%emt 0:00:00]} 22. Qf4 {[%emt 0:00:09]} Rg6 {[%emt 0:00:05]} 23. Re3 {[%emt 0:00:22]} Qd6 {[%emt 0:00:12]} 24. Qxd6 {[%emt 0:00:08]} Rxd6 {[%emt 0:00:01]} 25. Rg3 {[%emt 0:00:01]} f4 {[%emt 0:00:06]} 26. Rxg6 {[%emt 0:00:02]} hxg6 {[%emt 0:00:01]} 27. Re1 {[%emt 0:00:03]} Kf7 {[%emt 0:00:07]} 28. c4 {[%emt 0:00:09]} Bc6 {[%emt 0:00:04]} 29. Bxc6 {[%emt 0:00:02]} Rxc6 {[%emt 0:00:01]} 30. b3 {[%emt 0:00:02]} Rb6 {[%emt 0:00:07]} 31. Rxe4 {[%emt 0:00:18]} Rxb3 {[%emt 0:00:04]} 32. Rxf4+ {[%emt 0:00:02]} Ke7 {[%emt 0:00:03]} 33. h4 {[%emt 0:00:03]} Rb4 {[%emt 0:00:02]} 34. c5 {[%emt 0:00:20]} Rxa4 {[%emt 0:00:04]} 35. Kf1 {[%emt 0:00:11]} Rb4 {[%emt 0:00:35]} 36. Rf3 {[%emt 0:00:06]} Rxd4 {[%emt 0:00:06]} 37. Rb3 {[%emt 0:00:05]} Rb4 {[%emt 0:00:29]} 38. Ra3 {[%emt 0:00:05]} a4 {[%emt 0:00:02]} 39. Ke2 {[%emt 0:00:25]} Rxh4 {[%emt 0:00:03]} 40. Rd3 {[%emt 0:00:11]} Rc4 {[%emt 0:00:03] ProfTerrieux abandonne (Lag: Av=0.37s, max=0.7s)} 0-1

[Event "TOP16-LaBourdannais"]
[Site "TOP16-LaBourdannais"]
[Date "2021.01.09"]
[Round "3"]
[White "jncool68"]
[Black "PositionalChess"]
[Result "1-0"]
[WhiteElo "2459"]
[BlackElo "2200"]
[Annotator "NA RC"]
[PlyCount "35"]
[EventDate "2021.01.09"]
[EventType "blitz"]

1. e4 {[%emt 0:00:02]} e6 {[%emt 0:00:06]} 2. d4 {[%emt 0:00:02]} d5 {[%emt 0:00:03]} 3. Nc3 {[%emt 0:00:01]} Bb4 {[%emt 0:00:02]} 4. e5 {[%emt 0:00:01]} c5 {[%emt 0:00:02]} 5. Bd2 {[%emt 0:00:01]} Ne7 {[%emt 0:00:02]} 6. a3 {[%emt 0:00:01]} Bxc3 {[%emt 0:00:02]} 7. Bxc3 {[%emt 0:00:00]} b6 {[%emt 0:00:12]} 8. Bb5+ {[%emt 0:00:03]} Bd7 {[%emt 0:00:04]} 9. Bd3 {[%emt 0:00:01]} Nbc6 {[%emt 0:00:37]} 10. f4 {[%emt 0:00:10]} cxd4 {[%emt 0:01:06]} 11. Bd2 {[%emt 0:00:03]} Nf5 {[%emt 0:00:10]} 12. Nf3 {[%emt 0:00:14]} Qc7 {[%emt 0:00:45]} 13. Qe2 {[%emt 0:00:05]} O-O-O {[%emt 0:00:08]} 14. b4 {[%emt 0:00:11]} Kb8 {[%emt 0:00:03]} 15. b5 {[%emt 0:00:06]} Nce7 {[%emt 0:00:02]} 16. Bb4 {[%emt 0:00:04]} Bc8 {[%emt 0:00:17]} 17. g4 {[%emt 0:00:06]} Ne3 {[%emt 0:00:10]} 18. Nxd4 {[%emt 0:00:01] PositionalChess resigns (Lag: Av=0.37s, max=0.6s)} 1-0